01146 2200349 4500001002100000005001500021035002000036007000300056008004100059020002200100040002200122082001600144084001800160090002000178100003600198245017000234250002600404300004600430500003200476650002300508700003100531700003300562700002700595850001200622264004000634336002100674337003000695338002300725546000800748990002000756990002000776INLIS00000000085139320191002105529 a0010-1019000120ta191002s2018 jkia br 1 ind d a978-602-467-080-1 aYOPDYOGbinderda04223a028.534 a028.534 KAE d aK 028.534 KAE d0 aKaemi Freyatha Lalwaniepenulis10aDellini and the vegetable peoplle :bDellini di desa sayuran /cpenulis, Kaemi Freyatha Lalwani; penyunting, Ayu Prameswary, Windrati Hapsari; ilustrator, Ines Tiara aCetakan pertama, 2018 a42 halaman :bilustrasi berwarna ;c20 cm aBilingual Inggris-Indonesia 4aBacaan kanak-kanak0 aAyu Prameswaryepenyunting0 aWindrati Hapsariepenyunting0 aInes Tiaraeilustrator aYOPDYOG31aJakarta :bErlangga for Kids,c2018 2rdacontentateks 2rdamediaatanpa perantara 2rdacarrieravolume aeng a38844-PD/B.2019 a38845-PD/B.2019